Los sistemas económicos
Furkejuvvon:
| Váldodahkki: | |
|---|---|
| Materiálatiipa: | Girji |
| Giella: | espánnjágiella |
| Almmustuhtton: |
Buenos Aires
EUDEBA
1969
|
| Preanttus: | 7a. ed |
| Fáttát: | |
| Fáddágilkorat: |
Lasit fáddágilkoriid
Eai fáddágilkorat, Lasit vuosttaš fáddágilkora!
|
MARC
| LEADER | 00000nam a2200000 a 4500 | ||
|---|---|---|---|
| 001 | UCT7600 | ||
| 003 | CL-VaPUC | ||
| 008 | 970123e19690000AG |||||||||||||||||spa|d | ||
| 082 | 0 | 4 | |a 330.12 |b LAJ |2 21 |
| 100 | |a Lajugie, Joseph |e author |9 380310 | ||
| 245 | 1 | 4 | |a Los sistemas económicos |
| 250 | |a 7a. ed | ||
| 300 | |a 138 p | ||
| 942 | |c BK | ||
| 945 | |d 19970123 00:00:00 |a nastorga | ||
| 260 | |a Buenos Aires |b EUDEBA |c 1969 | ||
| 650 | 0 | |a Economía |9 255568 | |
| 650 | 0 | |a Teorías económicas |9 270968 | |
| 650 | 7 | |a SISTEMAS ECONOMICOS |2 CL-VaPUC |9 378615 | |
| 650 | 0 | |a Capitalismo |9 255255 | |
| 650 | 0 | |a Comunismo |9 255588 | |
| 583 | |a last modification |c 20160602 17:23:33 |k Rodrigo Vera | ||
| 999 | |c 256165 |d 256163 | ||
| 952 | |0 0 |1 0 |4 0 |6 330_120000000000000_LAJ_1969 |7 0 |8 A |9 278739 |a BIBENE |b BIBENE |d 2019-11-19 |i 1985795 |o 330.12 LAJ 1969 |p 1985795 |r 2025-01-15 |w 2019-11-19 |y BK |k ICO | ||
| 952 | |0 0 |1 0 |4 0 |6 330_120000000000000_LAJ_1969 |7 0 |8 A |9 278740 |a BIBENE |b BIBENE |d 2019-11-19 |i 1985744 |o 330.12 LAJ 1969 |p 1985744 |r 2025-01-15 |w 2019-11-19 |y BK |k ICO | ||